000 00664nam a2200193 a 4500
001 000023659
005 20200930022358.0
008 101216s1968 sp r 000 0 spa d
040 _aDO-SdBNP
_bspa
_cBNPHU
082 _aNNN
_bA996v
100 1 _aAzorín,
_b1873-1967.
_95278
245 1 0 _aPolítica y literatura :
_b(fantasías y devaneos) /
_cJosé Martínez Ruiz ; nota preliminar de Paulino Garagorri.
260 _aMadrid :
_bAlianza,
_c1968.
300 _a204, [4] p. ;
_c18 cm.
490 1 _aEl libro de bolsillo
_aliteratura
_v150
700 1 _aGaragorri, Paulino
_epról.
_948744
830 0 _aEl libro de bolsillo ;
_pliteratura
_v150
_939386
049 _aBNGR
999 _c23155
_d23155